Priame zahraničné investície a ich vplyv na rozvoj vybraného regiónu bakalárska práca

Enregistré dans:
Détails bibliographiques
Auteur principal: Zrebná, Lenka
Collectivité auteur: Národohospodárska fakulta EU. Katedra financií
Autres auteurs: Rabatinová, Marcela, 1977-
Format: Livre
Langue:slovaque
Publié: Bratislava 2018
Tags: Ajouter un tag
Pas de tags, Soyez le premier à ajouter un tag!

MARC

LEADER 00000nbm a2200000 4500
001 0245900
005 20181214134059.3
041 0 |a slo 
044 |a SK 
245 1 0 |a Priame zahraničné investície a ich vplyv na rozvoj vybraného regiónu  |b bakalárska práca  |c Lenka Zrebná ; školiteľ: Marcela Rabatinová 
264 1 |a Bratislava  |c 2018 
300 |a 39 s. 
100 1 |a Zrebná, Lenka 
700 1 |a Rabatinová, Marcela, 1977- 
710 2 |a Národohospodárska fakulta EU. Katedra financií